000 00627nam a2200253 a 4500
001 nice12345678
003 IN_TiNIC
005 20260116011359.0
008 050524s1864 bara grp 000 0 per
020 _a
_c100
082 0 0 _a616.927
_bGHU
100 _aGhulam, Imam
245 _aIlajul Ghurba
_b Treatment of the Poor
260 _aBaraily
_bMatba-E-Siddiqi
_c1864
300 _a294p
500 _aincludes index and biblioraphy
505 2 _aHand Written Manuscript
650 _aMedicine-Arabian
650 _aMedicine-Unani
700 1 _aGhulam, Imam
902 _bSRS
942 _cBK
999 _c1026
_d1026